| 000 | 01106cam a2200337 a 4500 | ||
|---|---|---|---|
| 003 | CHAP | ||
| 005 | 20220329142145.0 | ||
| 008 | 000120 1991 us r 00010 eng d | ||
| 010 | _a79340 | ||
| 011 | _a80312 | ||
| 035 | _a90761 | ||
| 040 | _cCHAP | ||
| 090 | _aR-3656 | ||
| 100 | 0 | 0 |
_aAhmed, Akhter. _93095 |
| 245 | 0 |
_aPoverty in Bangladesh : _c/by Akhter U. Ahmed, Haider A. Khan and Rajan K. Sampath |
|
| 500 | _aSobretiro de: The Journal of Development Studies 27(4) : 48-63, 1991. | ||
| 590 |
_aBATCH-UPD _b10 _c20130110 _lUCH01 _h0052 |
||
| 590 |
_aBATCH-UPD _b10 _c20130110 _lUCH01 _h0557 |
||
| 590 |
_aBATCH-UPD _b10 _c20130110 _lUCH01 _h2345 |
||
| 590 |
_aBATCH-UPD _b10 _c20130409 _lUCH01 _h2040 |
||
| 590 |
_aBATCH-UPD _b10 _c20130914 _lUCH01 _h0534 |
||
| 590 |
_aCONVERSION _b10 _c20130109 _lUCH01 _h1344 |
||
| 650 | 1 | 4 |
_aBangladesh _xCondiciones económicas. _99956 |
| 650 | 1 | 4 |
_aPobreza. _989463 |
| 700 | 0 |
_aKhan, Haider A. _963141 |
|
| 700 | 0 |
_aSampath, Rajan K. _9101918 |
|
| 901 | _aBK | ||
| 905 | _aBlanca M. García O. | ||
| 942 | _cREIMP | ||
| 949 |
_aR-3656 _bBC _cR _d90761 _eTS1 _i90761 _sb |
||
| 999 |
_c79340 _d79340 |
||